| 000 | 00596nam a2200217Ia 4500 | ||
|---|---|---|---|
| 001 | 1860 | ||
| 003 | GE_BSU | ||
| 008 | 181216s||||||||xx |||||||||||||| ||und|| | ||
| 020 | _a5721806753 | ||
| 040 | _cGE_BSU | ||
| 080 | _a(0351.354(470)75.8) | ||
| 245 | _aМуниципальное право России.Учебное пособие. | ||
| 245 | _cПод. ред. С.Е. Чаннова | ||
| 260 | _aМосква | ||
| 260 | _bТеис | ||
| 260 | _c2005 | ||
| 300 | _a262с. 19см. | ||
| 541 | _h7 л. | ||
| 653 | _aМуниципальное право России | ||
| 942 | _cBK | ||
| 999 |
_c35961 _d35961 |
||